[Event "XIII Festival A"]
[Site "Lucca ITA"]
[Date "2001.10.??"]
[Round "1"]
[White "Casarosa, Michele"]
[Black "Bini, Lorenzo"]
[Result "1/2-1/2"]
[WhiteElo "1822"]
[BlackElo "2052"]
[PlyCount "62"]
[EventDate "2001.10.06"]

1. Nf3 g6 2. g3 Bg7 3. Bg2 d6 4. d4 Nd7 5. c4 e6 6. Nc3 Ne7 7. e4 O-O 8. O-O h6
9. Qe2 g5 10. Be3 Ng6 11. Nd2 e5 12. Nb3 Nf6 13. f3 Nh7 14. Rad1 h5 15. c5 h4
16. dxe5 Nxe5 17. cxd6 cxd6 18. Bc5 Re8 19. Rxd6 Qc7 20. Nd5 Qb8 21. Ne7+ Kh8
22. Nxc8 Qxc8 23. Rc1 Nc6 24. Qd2 hxg3 25. hxg3 Qc7 26. Kf2 Be5 27. Rd7 Bxg3+
28. Kg1 Qf4 29. Qxf4 Bxf4 30. Rcd1 b6 31. Bd6 Bxd6 1/2-1/2

[Event "XIII Festival A"]
[Site "Lucca ITA"]
[Date "2001.10.??"]
[Round "1"]
[White "Del Giudice, Stefano"]
[Black "Frugoli, Francesco"]
[Result "0-1"]
[WhiteElo "2086"]
[BlackElo "1858"]
[PlyCount "88"]
[EventDate "2001.10.06"]

1. e4 e5 2. Nf3 Nc6 3. d4 exd4 4. Nxd4 d6 5. Nc3 Be7 6. Nxc6 bxc6 7. Bd3 Nf6 8.
O-O O-O 9. f4 d5 10. e5 Bc5+ 11. Kh1 Ng4 12. Qf3 Qh4 13. Qg3 Nf2+ 14. Rxf2 Qxg3
15. hxg3 Bxf2 16. Kh2 Rb8 17. Nd1 Bc5 18. b3 Bg4 19. Be3 Bb6 20. Bg1 Bxg1+ 21.
Kxg1 Bxd1 22. Rxd1 Rfe8 23. c3 f6 24. exf6 gxf6 25. Kf2 Re7 26. c4 d4 27. Kf3
Re3+ 28. Kg4 Kg7 29. c5 h5+ 30. Kh4 Kh6 31. g4 hxg4 32. Kxg4 Kg7 33. Kf5 Rd8
34. Kg4 Rd5 35. b4 f5+ 36. Kh5 Kf6 37. g4 fxg4+ 38. Kxg4 Rd7 39. f5 Rg7+ 40.
Kf4 Rh7 41. Kg4 Rhh3 42. Bf1 Rhg3+ 43. Kh4 d3 44. a4 Kxf5 0-1

[Event "XIII Festival A"]
[Site "Lucca ITA"]
[Date "2001.10.??"]
[Round "1"]
[White "Donatini, Andrea"]
[Black "Bartolini, Tommaso"]
[Result "0-1"]
[WhiteElo "1869"]
[BlackElo "2189"]
[PlyCount "94"]
[EventDate "2001.10.06"]

1. e4 c5 2. d4 cxd4 3. c3 d3 4. Bxd3 g6 5. c4 Bg7 6. Ne2 Nc6 7. Nbc3 Nf6 8. O-O
d6 9. h3 Nd7 10. Be3 Nc5 11. Rc1 Ne5 12. Bb1 O-O 13. b3 Bd7 14. f4 Nc6 15. e5
Bc8 16. Qd2 b6 17. exd6 exd6 18. Rcd1 Re8 19. Bf2 Bf8 20. Ng3 Bb7 21. Nb5 Qb8
22. f5 Ne5 23. fxg6 hxg6 24. Nc3 Qc8 25. Nd5 Bg7 26. Be3 Qc6 27. Bh6 Ne6 28.
Bxg7 Kxg7 29. Kh1 Rh8 30. Qf2 Rh6 31. Qf6+ Kh7 32. Nf5 Rh5 33. Nfe7 Qe8 34.
Qxe6 fxe6 35. Nf6+ Kg7 36. Nxe8+ Rxe8 37. Rxd6 Rxe7 38. Kh2 Ng4+ 39. Kg3 Ne3
40. Re1 Rg5+ 41. Kf2 Nf5 42. Bxf5 Rxf5+ 43. Kg1 e5 44. Red1 e4 45. R6d4 e3 46.
Re1 Rf2 47. c5 Rxg2+ 0-1

[Event "XIII Festival A"]
[Site "Lucca ITA"]
[Date "2001.10.??"]
[Round "1"]
[White "Efimov, Igor"]
[Black "Ambrosi, Arcangelo"]
[Result "1-0"]
[WhiteElo "2467"]
[BlackElo "1887"]
[PlyCount "83"]
[EventDate "2001.10.06"]

1. e4 d5 2. exd5 Nf6 3. d4 Bg4 4. f3 Bf5 5. Bb5+ Bd7 6. Bc4 b5 7. Bb3 Bc8 8. a4
b4 9. c4 c6 10. dxc6 Nxc6 11. Ne2 e5 12. d5 Na5 13. Be3 Ba6 14. Nd2 Qc7 15. O-O
Bc5 16. Bf2 Rc8 17. Rc1 O-O 18. Ba2 Bxf2+ 19. Rxf2 Nxd5 20. cxd5 Bxe2 21. Rxc7
Bxd1 22. Rxa7 b3 23. Bb1 Nc4 24. Bf5 Rc5 25. Nxc4 Rxc4 26. Rd2 Rc1 27. Kf2 g6
28. Bd7 Bc2 29. d6 Rd8 30. Rc7 Kg7 31. Be6 Rb1 32. Rxf7+ Kh6 33. h4 Rxb2 34. g4
g5 35. h5 Ra2 36. Ke2 Rxa4 37. Rxc2 bxc2 38. Bf5 c1=N+ 39. Kd2 Rxd6+ 40. Kxc1
Rg6 41. hxg6 hxg6 42. Rf6 1-0

[Event "XIII Festival A"]
[Site "Lucca ITA"]
[Date "2001.10.??"]
[Round "1"]
[White "Innocenti, Luca"]
[Black "Buli, Vangjel"]
[Result "0-1"]
[WhiteElo "1722"]
[BlackElo "2039"]
[PlyCount "110"]
[EventDate "2001.10.06"]

1. c4 Nf6 2. Nc3 e6 3. e4 c5 4. g3 Nc6 5. Bg2 a6 6. Nge2 Qc7 7. d3 b6 8. O-O
Bb7 9. a3 Be7 10. Rb1 O-O 11. Bf4 d6 12. b4 Ne5 13. Qc2 Nfd7 14. Bd2 Rfe8 15.
f4 Nc6 16. bxc5 bxc5 17. Na4 Rab8 18. f5 Bf6 19. fxe6 fxe6 20. Bc3 Bxc3 21.
Qxc3 Nce5 22. Nf4 Bc6 23. Rxb8 Qxb8 24. Nb2 Qb6 25. Nd1 Nf8 26. h4 Rb8 27. Bh3
Bd7 28. Kh2 Qb3 29. Qa5 Nxd3 30. Qxa6 Qc2+ 31. Ng2 Ne5 32. Qxd6 Nc6 33. Rxf8+
Rxf8 34. Qxd7 Nd4 35. Bxe6+ Kh8 36. Nde3 Qxe4 37. Bd5 Qe5 38. a4 Ne2 39. Qg4
Nc3 40. a5 h5 41. Qe6 Qxe6 42. Bxe6 Ra8 43. Nf4 Rxa5 44. Nxh5 Ra2+ 45. Kh3 Re2
46. Nf5 Rxe6 47. Nhxg7 Re4 48. g4 Rxc4 49. Ne6 Nd5 50. g5 Nf4+ 51. Nxf4 Rxf4
52. Ne7 Re4 53. Ng6+ Kg7 54. h5 c4 55. Nh4 Rxh4+ 0-1

[Event "XIII Festival A"]
[Site "Lucca ITA"]
[Date "2001.10.??"]
[Round "1"]
[White "Jones, Gawain C.B."]
[Black "Scivales, Daniel"]
[Result "1/2-1/2"]
[WhiteElo "2216"]
[BlackElo "1874"]
[PlyCount "85"]
[EventDate "2001.10.06"]

1. e4 e5 2. Bc4 Nf6 3. d3 Bc5 4. Nf3 Nc6 5. c3 d6 6. Nbd2 O-O 7. Bb3 d5 8. exd5
Nxd5 9. Ne4 Be7 10. O-O Nf6 11. Ng3 Qd6 12. Qe2 Bg4 13. Bg5 h6 14. Bxf6 Qxf6
15. Bd5 Rfe8 16. Rfe1 Kf8 17. h3 Bxf3 18. Bxf3 Rad8 19. Rad1 a6 20. Bxc6 Qxc6
21. Qxe5 Bd6 22. Qf5 Bxg3 23. fxg3 Qb6+ 24. Kh2 Qxb2 25. Qc5+ Kg8 26. Qxc7 Qxa2
27. Rxe8+ Rxe8 28. Qxb7 Re2 29. c4 Qc2 30. Rf1 Qxd3 31. Rxf7 Qc3 32. c5 Qb2 33.
Qxb2 Rxb2 34. Rc7 Rc2 35. g4 a5 36. Kg3 a4 37. Kh4 a3 38. Kh5 Kh7 39. c6 Rxg2
40. Ra7 a2 41. c7 Rc2 42. Rxa2 Rxc7 43. Ra3 1/2-1/2

[Event "XIII Festival A"]
[Site "Lucca ITA"]
[Date "2001.10.??"]
[Round "1"]
[White "Koroveshi, Thoma"]
[Black "Frilli, Guido"]
[Result "1-0"]
[WhiteElo "2011"]
[BlackElo "1708"]
[PlyCount "73"]
[EventDate "2001.10.06"]

1. c4 e6 2. d4 d5 3. Nc3 Nf6 4. cxd5 exd5 5. Bg5 Be7 6. e3 Bf5 7. Qb3 Be6 8.
Bxf6 Bxf6 9. Qxb7 Nd7 10. Nxd5 Bxd5 11. Qxd5 O-O 12. Bb5 Nb6 13. Qxd8 Rfxd8 14.
Rc1 Rab8 15. Bc6 Nd7 16. b3 Be7 17. Nf3 Rb6 18. Bxd7 Rxd7 19. Ne5 Bb4+ 20. Ke2
Re7 21. Nc6 Rd7 22. Nxb4 Rxb4 23. Rc4 Rb7 24. Rhc1 g6 25. Kd3 Kf8 26. Rc6 Ke7
27. R1c5 Kd8 28. Kc4 Rd6 29. Rxd6+ cxd6 30. Rb5 Rc7+ 31. Kd5 Rd7 32. a4 f6 33.
a5 f5 34. a6 Rc7 35. Rb7 Kd7 36. Rxc7+ Kxc7 37. f3 1-0

[Event "XIII Festival A"]
[Site "Lucca ITA"]
[Date "2001.10.??"]
[Round "1"]
[White "Rinaldi, Francesco Saverio"]
[Black "Mola, Pietro"]
[Result "0-1"]
[WhiteElo "1878"]
[BlackElo "2262"]
[PlyCount "67"]
[EventDate "2001.10.06"]

1. d4 Nf6 2. Nf3 c5 3. e3 e6 4. Bd3 b6 5. Nbd2 Bb7 6. c3 Be7 7. Qe2 d6 8. O-O
Nbd7 9. Re1 O-O 10. a4 a6 11. e4 e5 12. Nf1 cxd4 13. cxd4 exd4 14. Nxd4 Nc5 15.
Ng3 Nxd3 16. Qxd3 Re8 17. Ndf5 Rc8 18. Bf4 d5 19. e5 Nd7 20. Nd6 Bxd6 21. exd6
Nc5 22. Qf3 Qf6 23. b4 Ne6 24. Be5 Qxf3 25. gxf3 Rcd8 26. Nh5 d4 27. f4 Bf3 28.
f5 Ng5 29. Bxd4 Rxe1+ 30. Rxe1 Bd5 31. Nf4 Nf3+ 32. Kf1 Nxe1 33. Kxe1 Rxd6 34.
Nxd5 0-1

[Event "XIII Festival A"]
[Site "Lucca ITA"]
[Date "2001.10.??"]
[Round "2"]
[White "Ambrosi, Arcangelo"]
[Black "Innocenti, Luca"]
[Result "1-0"]
[WhiteElo "1887"]
[BlackElo "1722"]
[PlyCount "70"]
[EventDate "2001.10.06"]

1. b4 Nf6 2. Bb2 d5 3. e3 Bf5 4. c4 dxc4 5. Bxc4 Bd3 6. Qb3 Bxc4 7. Qxc4 Nbd7
8. Nc3 e6 9. d4 Nb6 10. Qb3 Nfd5 11. a3 Nxc3 12. Bxc3 Qd5 13. Qxd5 Nxd5 14. Ne2
Bd6 15. Bd2 c6 16. e4 Ne7 17. Bf4 Bxf4 18. Nxf4 Rd8 19. Rd1 Ng6 20. Nxg6 hxg6
21. Ke2 Rh5 22. e5 Rh4 23. Ke3 f5 24. f4 g5 25. fxg5 Re4+ 26. Kf3 Rexd4 27.
Rxd4 Rxd4 28. h4 Rd3+ 29. Kf4 Rxa3 30. h5 Kf8 31. h6 gxh6 32. gxh6 Kg8 33. Kg5
Rg3+ 34. Kf6 Kh7 35. Kxe6 Rxg2 1-0

[Event "XIII Festival A"]
[Site "Lucca ITA"]
[Date "2001.10.??"]
[Round "2"]
[White "Bardi, Massimo"]
[Black "Jones, Gawain C.B."]
[Result "1-0"]
[WhiteElo "1791"]
[BlackElo "2216"]
[PlyCount "65"]
[EventDate "2001.10.06"]

1. e4 c5 2. Nf3 d6 3. d4 cxd4 4. Nxd4 Nf6 5. Nc3 g6 6. f4 Nc6 7. Nxc6 bxc6 8.
e5 Nd7 9. exd6 exd6 10. Be3 Be7 11. Qf3 d5 12. O-O-O O-O 13. g4 Bf6 14. Bd4
Bxd4 15. Rxd4 Qf6 16. Qe3 Bb7 17. g5 Qd8 18. Bg2 c5 19. Rxd5 Bxd5 20. Nxd5 Re8
21. Qc3 Re6 22. Rd1 Qf8 23. Nc7 Rd8 24. Nxe6 fxe6 25. Qe3 Qe7 26. Bh3 Kf7 27.
Bg4 Re8 28. h4 Nf8 29. h5 Qc7 30. h6 Rb8 31. Rf1 Qb7 32. Qe5 Qa6 33. Qc7+ 1-0

[Event "XIII Festival A"]
[Site "Lucca ITA"]
[Date "2001.10.??"]
[Round "2"]
[White "Bartolini, Tommaso"]
[Black "Frugoli, Francesco"]
[Result "1/2-1/2"]
[WhiteElo "2189"]
[BlackElo "1858"]
[PlyCount "79"]
[EventDate "2001.10.06"]

1. d4 d5 2. c4 e6 3. Nc3 Nf6 4. Bg5 Be7 5. e3 O-O 6. Nf3 h6 7. Bxf6 Bxf6 8. Qc2
Nc6 9. O-O-O a6 10. h4 dxc4 11. g4 Be7 12. Qe4 Bb4 13. Bxc4 Bxc3 14. bxc3 Qd6
15. Ne5 Qa3+ 16. Kc2 Na5 17. Kd3 b5 18. Qxa8 Bb7 19. Qa7 bxc4+ 20. Nxc4 Nxc4
21. Qxb7 Nb2+ 22. Ke2 Nxd1 23. Rxd1 Qxa2+ 24. Ke1 Qc4 25. Qb4 Qd5 26. Qe7 Qc6
27. Rc1 Qh1+ 28. Kd2 Qg2 29. Qxc7 Qxf2+ 30. Kd3 Qxh4 31. Qf4 Qe7 32. c4 Qb7 33.
c5 Qb5+ 34. Kd2 Qb2+ 35. Rc2 Qb4+ 36. Ke2 Qb5+ 37. Kd2 Qb4+ 38. Ke2 Qb5+ 39.
Kf2 Qd3 40. Re2 1/2-1/2

[Event "XIII Festival A"]
[Site "Lucca ITA"]
[Date "2001.10.??"]
[Round "2"]
[White "Bini, Lorenzo"]
[Black "Del Giudice, Stefano"]
[Result "1-0"]
[WhiteElo "2052"]
[BlackElo "2086"]
[PlyCount "49"]
[EventDate "2001.10.06"]

1. d3 d5 2. f4 g6 3. Nf3 Bg7 4. c3 c5 5. Be3 b6 6. g3 Nf6 7. Bg2 Bb7 8. h3 O-O
9. O-O Nbd7 10. Qe1 Ne8 11. Nbd2 Nd6 12. g4 e5 13. fxe5 Nxe5 14. Nxe5 Bxe5 15.
Nf3 Bg7 16. Qg3 Qe7 17. Bf4 Rad8 18. Rf2 f6 19. Raf1 Nf7 20. h4 Ne5 21. Nxe5
fxe5 22. Bg5 Qd7 23. Bxd8 Qxd8 24. Rxf8+ Bxf8 25. Qxe5 1-0

[Event "XIII Festival A"]
[Site "Lucca ITA"]
[Date "2001.10.??"]
[Round "2"]
[White "Bondielli, Giorgio"]
[Black "Donatini, Andrea"]
[Result "1-0"]
[WhiteElo "2006"]
[BlackElo "1869"]
[PlyCount "73"]
[EventDate "2001.10.06"]

1. e4 e5 2. Nf3 Nc6 3. d4 exd4 4. Bc4 Nf6 5. O-O Nxe4 6. Re1 d5 7. Bxd5 Qxd5 8.
Nc3 Qa5 9. Nxe4 Be6 10. Neg5 O-O-O 11. Nxe6 fxe6 12. Rxe6 h6 13. Qe2 Bd6 14.
Bd2 Qf5 15. Qe4 Qxe4 16. Rxe4 Rhe8 17. Rae1 Rxe4 18. Rxe4 Be7 19. Ne1 Bf6 20.
Nd3 Rd5 21. Kf1 Nd8 22. Ke2 c5 23. b3 b5 24. Nf4 Re5 25. Kf3 Kd7 26. Rxe5 Bxe5
27. Ke4 Kd6 28. Nd3 Bf6 29. Bf4+ Kc6 30. Ne5+ Kd6 31. Ng4+ Ke6 32. Nxf6 Kxf6
33. Be5+ Kf7 34. Kd5 Ne6 35. f4 g6 36. g4 g5 37. f5 1-0

[Event "XIII Festival A"]
[Site "Lucca ITA"]
[Date "2001.10.??"]
[Round "2"]
[White "Buli, Vangjel"]
[Black "Efimov, Igor"]
[Result "1-0"]
[WhiteElo "2039"]
[BlackElo "2467"]
[PlyCount "127"]
[EventDate "2001.10.06"]

1. d4 d6 2. c4 e5 3. Nf3 e4 4. Ng5 f5 5. f3 Be7 6. Nh3 Nf6 7. Nc3 O-O 8. g3 h6
9. Bg2 exf3 10. exf3 g5 11. f4 g4 12. Nf2 c6 13. d5 c5 14. O-O Rf7 15. a3 Nbd7
16. Be3 h5 17. Re1 h4 18. Nd3 Nh5 19. Bf2 Bf6 20. Qc2 Nf8 21. b4 b6 22. bxc5
bxc5 23. Ne5 Rh7 24. Nc6 Qd7 25. Rab1 hxg3 26. hxg3 Ng7 27. Re2 Rh6 28. Rbe1
Qf7 29. Nb5 Qh5 30. Nxd6 Bd7 31. Bxc5 Qh2+ 32. Kf2 Nh5 33. Re3 Nxf4 34. Kf1 Nh3
35. Rb3 f4 36. Be4 fxg3 37. Re2 Nf2 38. Bxf2 gxf2 39. Rxf2 Qxd6 40. c5 Qc7 41.
d6 Qxc6 42. Bxc6 Bxc6 43. Qc4+ Kh8 44. Qxg4 Bd7 45. Qe4 Re8 46. Qc4 Bc6 47. Rg3
Nd7 48. Rfg2 Rh1+ 49. Rg1 Rxg1+ 50. Kxg1 Ne5 51. Qf4 Bg7 52. Qf5 Kg8 53. Qf6
Nf3+ 54. Kf2 Ng5 55. Qxg5 Rf8+ 56. Ke3 Rf7 57. Qd8+ Kh7 58. Qh4+ Bh6+ 59. Kd3
Rb7 60. Kc3 Bd5 61. Qg4 Bg7+ 62. Qxg7+ Rxg7 63. Rxg7+ Kxg7 64. d7 1-0

[Event "XIII Festival A"]
[Site "Lucca ITA"]
[Date "2001.10.??"]
[Round "2"]
[White "Frilli, Guido"]
[Black "Rinaldi, Francesco Saverio"]
[Result "1/2-1/2"]
[WhiteElo "1708"]
[BlackElo "1878"]
[PlyCount "82"]
[EventDate "2001.10.06"]

1. e4 c5 2. Nc3 e6 3. g3 d5 4. exd5 exd5 5. d4 cxd4 6. Qxd4 Be6 7. Bg2 Nc6 8.
Qd1 Nf6 9. Nge2 Bc5 10. O-O d4 11. Na4 Be7 12. Bxc6+ bxc6 13. Nxd4 Bd7 14. Qf3
Rc8 15. Nf5 O-O 16. Nxe7+ Qxe7 17. Bg5 Qe4 18. Qxe4 Nxe4 19. Be7 Rfe8 20. Bc5
Bh3 21. Rfd1 Ng5 22. f4 Ne4 23. Rd4 Nxc5 24. Nxc5 Re2 25. Rad1 h6 26. R4d2 Rce8
27. Nd3 Bf5 28. Ne5 Bxc2 29. Rxe2 Bxd1 30. Rd2 Ba4 31. b3 f6 32. Ng4 Bb5 33. a4
Ba6 34. Rd7 Be2 35. Nf2 Bf3 36. Nd3 a5 37. Kf2 Bd5 38. Nc5 Rb8 39. Ra7 Bxb3 40.
Nxb3 Rxb3 41. Rxa5 Ra3 1/2-1/2

[Event "XIII Festival A"]
[Site "Lucca ITA"]
[Date "2001.10.??"]
[Round "2"]
[White "Mola, Pietro"]
[Black "Koroveshi, Thoma"]
[Result "1-0"]
[WhiteElo "2262"]
[BlackElo "2011"]
[PlyCount "79"]
[EventDate "2001.10.06"]

1. d4 Nf6 2. Bg5 g6 3. Bxf6 exf6 4. g3 d5 5. Bg2 c6 6. Nf3 Bg7 7. O-O O-O 8.
Nbd2 Re8 9. e3 Nd7 10. c4 dxc4 11. Nxc4 Nb6 12. Ncd2 f5 13. Nb3 a5 14. Nc5 Nd5
15. Qb3 b6 16. Nd3 Ba6 17. Rfe1 Bxd3 18. Qxd3 Nb4 19. Qe2 Rc8 20. a3 Nd5 21.
Rac1 f4 22. e4 fxg3 23. hxg3 c5 24. dxc5 Rxc5 25. Rxc5 bxc5 26. Qc4 Nb6 27.
Qxc5 Na4 28. Qc2 Nxb2 29. e5 Qb6 30. Re3 a4 31. Bh3 Bh6 32. Rc3 Rd8 33. e6 fxe6
34. Rc8 Rxc8 35. Qxc8+ Kf7 36. Ne5+ Ke7 37. Qg8 Be3 38. Qf7+ Kd6 39. Qxe6+ Kc5
40. Nd7+ 1-0

[Event "XIII Festival A"]
[Site "Lucca ITA"]
[Date "2001.10.??"]
[Round "2"]
[White "Scivales, Daniel"]
[Black "Casarosa, Michele"]
[Result "1-0"]
[WhiteElo "1874"]
[BlackElo "1822"]
[PlyCount "71"]
[EventDate "2001.10.06"]

1. e4 c5 2. Nf3 Nc6 3. d4 cxd4 4. Nxd4 Nf6 5. Nc3 e5 6. Ndb5 d6 7. Bg5 a6 8.
Na3 b5 9. Nd5 Be7 10. Bxf6 Bxf6 11. c3 O-O 12. Nc2 Rb8 13. Bd3 Bg5 14. O-O Be6
15. Nce3 g6 16. a4 f5 17. axb5 axb5 18. f3 f4 19. Nc2 Bh4 20. Qe2 Bxd5 21. exd5
Ne7 22. Nb4 Qb6+ 23. Kh1 Nf5 24. Bxf5 gxf5 25. Ra6 Qc5 26. Rc6 Qe3 27. Qxe3
fxe3 28. g3 Be7 29. f4 exf4 30. gxf4 Bh4 31. Rxd6 e2 32. Rg1+ Kh8 33. Re6 Rbe8
34. Nd3 Rxe6 35. dxe6 Re8 36. Ne5 1-0

[Event "XIII Festival A"]
[Site "Lucca ITA"]
[Date "2001.10.??"]
[Round "3"]
[White "Bini, Lorenzo"]
[Black "Bartolini, Tommaso"]
[Result "1-0"]
[WhiteElo "2052"]
[BlackElo "2189"]
[PlyCount "78"]
[EventDate "2001.10.06"]

1. d3 e5 2. g3 f5 3. Bg2 Nf6 4. c4 Nc6 5. Nc3 g6 6. Rb1 Bg7 7. b4 Ne7 8. Qb3
O-O 9. c5+ Kh8 10. Nf3 Nh5 11. Ng5 Qe8 12. Nb5 Qd8 13. Nf7+ Rxf7 14. Qxf7 Ng8
15. Bd5 Ngf6 16. Bb3 a6 17. Nc3 d6 18. Bg5 c6 19. cxd6 Qxd6 20. O-O Bd7 21. Qc4
b5 22. Qc5 Qxc5 23. bxc5 a5 24. a3 h6 25. Bxf6 Bxf6 26. e3 Ng7 27. Ne2 Be6 28.
d4 a4 29. Bxe6 Nxe6 30. d5 Nxc5 31. dxc6 Nb3 32. Rfd1 Rc8 33. Rd6 Bd8 34. Nc3
Be7 35. Rxg6 Kh7 36. Re6 Bxa3 37. Nxb5 Bc5 38. c7 a3 39. Rxb3 a2 1-0

[Event "XIII Festival A"]
[Site "Lucca ITA"]
[Date "2001.10.??"]
[Round "3"]
[White "Buli, Vangjel"]
[Black "Mola, Pietro"]
[Result "1/2-1/2"]
[WhiteElo "2039"]
[BlackElo "2262"]
[PlyCount "71"]
[EventDate "2001.10.06"]

1. d4 Nf6 2. c4 e6 3. Nf3 b6 4. g3 Bb7 5. Bg2 c5 6. O-O cxd4 7. Qxd4 Nc6 8. Qf4
Ne7 9. Nc3 Ng6 10. Qd2 Bb4 11. Qd4 Bc5 12. Qd3 d5 13. cxd5 Nxd5 14. Qb5+ Qd7
15. Qxd7+ Kxd7 16. Rd1 Ke7 17. Ne4 Rhd8 18. Nxc5 bxc5 19. Bd2 Rac8 20. Rdc1 Ba6
21. e4 Nb6 22. b3 f6 23. Be3 Nd7 24. Bf1 Bb7 25. Nd2 Nge5 26. Be2 Nf7 27. f3
Nd6 28. Kf2 h6 29. Rc2 f5 30. exf5 Nxf5 31. Nc4 Nd4 32. Rd2 e5 33. f4 Nf6 34.
Kg1 Ne4 35. Rb2 exf4 36. Bxf4 1/2-1/2

[Event "XIII Festival A"]
[Site "Lucca ITA"]
[Date "2001.10.??"]
[Round "3"]
[White "Casarosa, Michele"]
[Black "Rinaldi, Francesco Saverio"]
[Result "1/2-1/2"]
[WhiteElo "1822"]
[BlackElo "1878"]
[PlyCount "62"]
[EventDate "2001.10.06"]

1. e4 c5 2. Nf3 Nc6 3. d4 cxd4 4. Nxd4 g6 5. Nc3 Bg7 6. Be3 Nf6 7. Be2 O-O 8.
O-O d5 9. Nxc6 bxc6 10. e5 Nd7 11. f4 e6 12. Qd2 c5 13. Bf2 Rb8 14. Rab1 a6 15.
g3 Qc7 16. Rfe1 f6 17. exf6 Nxf6 18. Bf3 d4 19. Ne4 Nxe4 20. Bxe4 e5 21. c3
dxc3 22. Qxc3 exf4 23. Qxc5 Qxc5 24. Bxc5 Rd8 25. Rbd1 Bg4 26. Rxd8+ Rxd8 27.
gxf4 Bxb2 28. Bc2 Bf6 29. Bb3+ Kg7 30. Be7 Bd4+ 31. Kg2 Rd7 1/2-1/2

[Event "XIII Festival A"]
[Site "Lucca ITA"]
[Date "2001.10.??"]
[Round "3"]
[White "Del Giudice, Stefano"]
[Black "Frilli, Guido"]
[Result "0-1"]
[WhiteElo "2086"]
[BlackElo "1708"]
[PlyCount "74"]
[EventDate "2001.10.06"]

1. e4 c6 2. d4 d5 3. Nd2 dxe4 4. Nxe4 Nd7 5. Bc4 Ngf6 6. Ng5 e6 7. Qe2 Nb6 8.
Bd3 h6 9. Ne4 Qxd4 10. Nf3 Qd8 11. Ng3 Be7 12. O-O O-O 13. Ne5 Nbd5 14. a3 Nd7
15. Ng4 Bg5 16. f4 Bh4 17. Nh5 N7f6 18. Nxg7 Kxg7 19. g3 Nxg4 20. Qxg4+ Kh8 21.
Qh5 Kg7 22. gxh4 Nf6 23. Qe5 Qd5 24. Bd2 Rg8 25. Qxd5 exd5 26. Bc3 Kf8+ 27. Kh1
Ne4 28. Bb4+ Ke8 29. Bxe4 dxe4 30. Rg1 Bg4 31. h3 Bf3+ 32. Kh2 Kd7 33. Bc3 Ke6
34. Rxg8 Rxg8 35. Rg1 Rd8 36. Kg3 Kf5 37. Kf2 Kxf4 0-1

[Event "XIII Festival A"]
[Site "Lucca ITA"]
[Date "2001.10.??"]
[Round "3"]
[White "Efimov, Igor"]
[Black "Scivales, Daniel"]
[Result "1-0"]
[WhiteElo "2467"]
[BlackElo "1874"]
[PlyCount "40"]
[EventDate "2001.10.06"]

1. e4 e5 2. Nf3 Nf6 3. Nxe5 d6 4. Nf3 Nxe4 5. c4 Be7 6. d4 O-O 7. Bd3 Nf6 8.
O-O Bg4 9. h3 Bh5 10. Nc3 Re8 11. Be3 Nbd7 12. Rc1 Nf8 13. Re1 Bg6 14. Be2 Bh5
15. Qb3 Qd7 16. c5 c6 17. d5 cxd5 18. Bb5 Qc8 19. Bxe8 Qxe8 20. cxd6 Bxd6 1-0

[Event "XIII Festival A"]
[Site "Lucca ITA"]
[Date "2001.10.??"]
[Round "3"]
[White "Frugoli, Francesco"]
[Black "Bardi, Massimo"]
[Result "1-0"]
[WhiteElo "1858"]
[BlackElo "1791"]
[PlyCount "65"]
[EventDate "2001.10.06"]

1. e4 c5 2. Nc3 Nc6 3. g3 g6 4. Bg2 Bg7 5. d3 d6 6. Be3 e5 7. Qd2 Be6 8. Nf3
Nge7 9. Bh6 O-O 10. h4 f5 11. Bxg7 Kxg7 12. Ng5 Bd7 13. h5 h6 14. Nh7 f4 15.
Nxf8 Qxf8 16. gxf4 exf4 17. hxg6 Nd4 18. O-O-O Bg4 19. Rdf1 Rb8 20. f3 Be6 21.
Bh3 b5 22. Bxe6 Nxe6 23. Qh2 Ng8 24. Rfg1 Nd4 25. Rg4 Nxf3 26. Qxf4 Nd4 27.
Qf7+ Qxf7 28. gxf7+ Kxf7 29. Rf1+ Ke6 30. Rg6+ Kd7 31. Rf7+ Ne7 32. Nd5 Ndc6
33. Rgg7 1-0

[Event "XIII Festival A"]
[Site "Lucca ITA"]
[Date "2001.10.??"]
[Round "3"]
[White "Innocenti, Luca"]
[Black "Donatini, Andrea"]
[Result "1-0"]
[WhiteElo "1722"]
[BlackElo "1869"]
[PlyCount "61"]
[EventDate "2001.10.06"]

1. c4 Nf6 2. Nc3 c5 3. Nf3 d5 4. cxd5 Nxd5 5. g3 Nc6 6. Bg2 Nc7 7. O-O e5 8. d3
Be7 9. Nd2 O-O 10. Nc4 f6 11. Be3 Nd4 12. a4 Rb8 13. f4 exf4 14. Bxf4 Nde6 15.
Bd2 b6 16. Ne3 Bb7 17. Bxb7 Rxb7 18. Qb3 Kh8 19. Nf5 Nd4 20. Qc4 Nce6 21. e3
Nxf5 22. Rxf5 Ng5 23. Nd5 Rd7 24. e4 Nf7 25. Raf1 Ne5 26. Qc3 Nc6 27. Qc1 Bd6
28. Bc3 Ne7 29. Nxf6 gxf6 30. Rxf6 Kg8 31. Qg5+ 1-0

[Event "XIII Festival A"]
[Site "Lucca ITA"]
[Date "2001.10.??"]
[Round "3"]
[White "Jones, Gawain C.B."]
[Black "Ambrosi, Arcangelo"]
[Result "1-0"]
[WhiteElo "2216"]
[BlackElo "1887"]
[PlyCount "91"]
[EventDate "2001.10.06"]

1. e4 d5 2. exd5 Nf6 3. Nf3 Bg4 4. Be2 Nxd5 5. h3 Bh5 6. d4 e6 7. O-O Be7 8. c4
Nf6 9. Nc3 O-O 10. Be3 Nbd7 11. Qd2 c6 12. Rfd1 a5 13. Rac1 Bb4 14. Qc2 Bg6 15.
Bd3 Bxd3 16. Rxd3 Qc7 17. Ne2 e5 18. dxe5 Nxe5 19. Nxe5 Qxe5 20. c5 a4 21. Bd4
Qe7 22. Bxf6 Qxf6 23. Rd4 Ba5 24. Rxa4 Rfe8 25. Ng3 Bc7 26. Rxa8 Rxa8 27. Qb3
Rb8 28. Rd1 b5 29. Ne4 Qe5 30. Nd6 Bxd6 31. cxd6 Rd8 32. d7 g6 33. Qa3 Qe6 34.
Qa7 Qe2 35. Qd4 c5 36. Qd6 c4 37. Rd2 Qe6 38. Qc7 Qe7 39. Kh2 Kg7 40. Qc6 Qe5+
41. g3 Qe1 42. Qd5 b4 43. Kg2 c3 44. Qd4+ Kg8 45. bxc3 bxc3 46. Qxc3 1-0

[Event "XIII Festival A"]
[Site "Lucca ITA"]
[Date "2001.10.??"]
[Round "3"]
[White "Koroveshi, Thoma"]
[Black "Bondielli, Giorgio"]
[Result "1-0"]
[WhiteElo "2011"]
[BlackElo "2006"]
[PlyCount "44"]
[EventDate "2001.10.06"]

1. d4 f5 2. c4 Nf6 3. g3 g6 4. Bg2 d6 5. Nf3 Bg7 6. O-O c6 7. b3 O-O 8. Bb2 Na6
9. Nc3 Nc7 10. Qd3 Qe8 11. Rad1 Bd7 12. d5 c5 13. Ng5 Ng4 14. h3 Ne5 15. Qd2
Rb8 16. f4 Nf7 17. e4 Nxg5 18. fxg5 e5 19. dxe6 Qxe6 20. Qxd6 Bd4+ 21. Rxd4
cxd4 22. Qxd4 Bc6 1-0

[Event "XIII Festival A"]
[Site "Lucca ITA"]
[Date "2001.10.??"]
[Round "4"]
[White "Ambrosi, Arcangelo"]
[Black "Casarosa, Michele"]
[Result "1/2-1/2"]
[WhiteElo "1887"]
[BlackElo "1822"]
[PlyCount "51"]
[EventDate "2001.10.06"]

1. b4 Nf6 2. Bb2 d5 3. e3 c6 4. c4 Nbd7 5. cxd5 cxd5 6. Nf3 e6 7. a3 Bd6 8. Be2
O-O 9. O-O b6 10. d4 Bb7 11. Nbd2 Qe7 12. Ne5 Rac8 13. Qa4 Bb8 14. Rac1 Bxe5
15. dxe5 Ne4 16. Nf3 g5 17. h3 h5 18. Nh2 f6 19. Bxh5 fxe5 20. Nf3 Nef6 21. Bg4
Nxg4 22. hxg4 e4 23. Ne5 Rxc1 24. Rxc1 Qf6 25. Qxd7 Qxf2+ 26. Kh1 1/2-1/2

[Event "XIII Festival A"]
[Site "Lucca ITA"]
[Date "2001.10.??"]
[Round "4"]
[White "Bardi, Massimo"]
[Black "Efimov, Igor"]
[Result "0-1"]
[WhiteElo "1791"]
[BlackElo "2467"]
[PlyCount "40"]
[EventDate "2001.10.06"]

1. e4 c5 2. Nf3 e6 3. b3 b6 4. c4 Bb7 5. Nc3 Nc6 6. Bb2 Nf6 7. e5 Ng4 8. Nb5
Qb8 9. Nd6+ Bxd6 10. exd6 Qxd6 11. Bxg7 Rg8 12. Bc3 Nd4 13. Be2 O-O-O 14. Nxd4
cxd4 15. c5 bxc5 16. Ba5 Nxf2 17. Kxf2 Rxg2+ 18. Ke1 Qf4 19. Qc2 Qf2+ 20. Kd1
Rg1+ 0-1

[Event "XIII Festival A"]
[Site "Lucca ITA"]
[Date "2001.10.??"]
[Round "4"]
[White "Bartolini, Tommaso"]
[Black "Koroveshi, Thoma"]
[Result "1-0"]
[WhiteElo "2189"]
[BlackElo "2011"]
[PlyCount "51"]
[EventDate "2001.10.06"]

1. d4 Nf6 2. Bg5 Ne4 3. Bf4 c5 4. f3 Nf6 5. d5 d6 6. e4 e6 7. Nc3 exd5 8. exd5
Be7 9. Nge2 Na6 10. Ng3 Nc7 11. a4 a6 12. a5 Rb8 13. Bc4 O-O 14. O-O b5 15.
axb6 Rxb6 16. Na4 Rb8 17. Nxc5 g5 18. Bxg5 dxc5 19. d6 Bxd6 20. Ne4 Nce8 21.
Bxf6 Nxf6 22. Nxd6 Rxb2 23. Qc1 Rb6 24. Qg5+ Kh8 25. Nxf7+ Rxf7 26. Bxf7 1-0